Statistics for Countries That Start With The Same Letter As Their Continent (with map)

Click here to take the quiz!

General Stats

  • This quiz has been taken 1,216 times
  • The average score is 7 of 8

Answer Stats

Continent Country % Correct
EuropeEstonia
96%
Angola
94%
AfricaAlgeria
92%
North AmericaNicaragua
92%
South AmericaSuriname
92%
Armenia
89%
AsiaAfghanistan
87%
Azerbaijan
87%

Score Distribution

Percentile by Number Answered

Percent of People with Each Score

Your Score History

You have not taken this quiz